000 00928nam a2200229 i 4500
001 99399
003 ES-MaACL
005 20251002202458.0
007 t|
008 050908s1981 sp af |||| | spa d
100 1 _aMartín Ribes, José.
_977630
245 1 0 _aSillería del coro de la Catedral de Córdoba /
_cJosé Martín Ribes ; introducción y exégesis de José Hernández Díaz ; prólogo de Carlos Fernández Martos y Bermúdez-Cañete.
260 _aCórdoba :
_bCaja Provincial de Ahorros,
_c1981.
300 _a254 p. con 21 lám., 6 h. :
_bil. ;
_c24 cm.
610 2 _aMezquita-catedral de Córdoba.
_9146676
650 4 _aSillerías de coro-
_zCórdoba.
_9168618
700 1 _aHernández Díaz, José,
_d1906-1998
_962929
700 1 _aFernández-Martos y Bermúdez-Cañete, Carlos.
_949917
710 2 _aCaja Provincial de Ahorros de Córdoba.
_92341
852 _aES-MaACL
_jL-1808
999 _c99399
_d99399